000 00579nmm a2200169Ia 4500
008 251105s9999||||xx |||||||||||||||||und||
020 _a9788437064574
041 _aspa
100 _aDíez Cobo, Rosa María
245 0 _aNueva sátira en la ficción postmodernista de las Américas
264 _a[Madrid, España] :
_bPublicaciones de la Universidad de Valencia (PUV),
_c2006
300 _a330 páginas
490 _aBiblioteca Javier Coy d'estudis nord-americans
650 _aLiterature, Theory
856 _uhttps://public.digitaliapublishing.com/a/35050
942 _cCF
999 _c82355
_d82355